|
|
|
|
| LEADER |
02270nam a2200589 i 4500 |
| 001 |
nkc20172875579 |
| 003 |
CZ PrNK |
| 005 |
20170526100258.0 |
| 007 |
ta |
| 008 |
170202s2016 xr abcee e 000 0 cze |
| 015 |
|
|
|a cnb002875579
|
| 020 |
|
|
|a 978-80-7028-470-4
|q (vázáno)
|
| 035 |
|
|
|a (OCoLC)975042661
|
| 040 |
|
|
|a ABA001
|b cze
|e rda
|
| 043 |
|
|
|a e-xr---
|
| 072 |
|
7 |
|a 903
|x Pravěk
|2 Konspekt
|9 8
|
| 080 |
|
|
|a 903.2
|2 MRF
|
| 080 |
|
|
|a 903'1
|2 MRF
|
| 080 |
|
|
|a 902.2
|2 MRF
|
| 080 |
|
|
|a 903"632"
|2 MRF
|
| 080 |
|
|
|a 903"633"
|2 MRF
|
| 080 |
|
|
|a (437.3)
|2 MRF
|
| 080 |
|
|
|a (031)
|2 MRF
|
| 100 |
1 |
|
|a Oliva, Martin,
|d 1951-
|7 ola2004228924
|4 aut
|
| 245 |
1 |
0 |
|a Encyklopedie paleolitu a mezolitu českých zemí /
|c Martin Oliva
|
| 250 |
|
|
|a Vydání 1.
|
| 264 |
|
1 |
|a Brno :
|b Moravské zemské muzeum,
|c 2016
|
| 300 |
|
|
|a 341 stran :
|b ilustrace (některé barevné), mapy, portréty, plány ;
|c 25 cm
|
| 336 |
|
|
|a text
|b txt
|2 rdacontent
|
| 337 |
|
|
|a bez média
|b n
|2 rdamedia
|
| 338 |
|
|
|a svazek
|b nc
|2 rdacarrier
|
| 500 |
|
|
|a Kniha vyšla ke stému výročí úmrtí badatelů Martina Kříže a Karla Jaroslava Mašky
|
| 504 |
|
|
|a Obsahuje bibliografii a bibliografické odkazy
|
| 650 |
0 |
7 |
|a archeologické nálezy
|7 ph137683
|z Česko
|2 czenas
|
| 650 |
0 |
7 |
|a archeologické kultury
|7 ph118574
|z Česko
|2 czenas
|
| 650 |
0 |
7 |
|a archeologické lokality
|7 ph118575
|z Česko
|2 czenas
|
| 650 |
0 |
7 |
|a paleolit
|7 ph123908
|z Česko
|2 czenas
|
| 650 |
0 |
7 |
|a mezolit
|7 ph137448
|z Česko
|2 czenas
|
| 650 |
0 |
9 |
|a antiquities
|z Czechia
|2 eczenas
|
| 650 |
0 |
9 |
|a archaeological cultures
|z Czechia
|2 eczenas
|
| 650 |
0 |
9 |
|a archaeological sites
|z Czechia
|2 eczenas
|
| 650 |
0 |
9 |
|a paleolithic period
|z Czechia
|2 eczenas
|
| 650 |
0 |
9 |
|a mesolithic period
|z Czechia
|2 eczenas
|
| 655 |
|
7 |
|a encyklopedie
|7 fd132201
|2 czenas
|
| 655 |
|
9 |
|a encyclopedias
|2 eczenas
|
| 910 |
2 |
|
|a BOA001
|b 2-1384.011
|
| 990 |
|
|
|a BK
|
| 995 |
|
|
|a 01
|
| 991 |
|
|
|b 201702
|c NOV
|
| 996 |
6 |
|
|b 2610696542
|c 2-1384.011
|l MZK
|r Sklad / do 1 hodiny
|n 5
|p p.v.
|w 001598365
|u 000010
|a 1
|e BOA001
|j MZK50
|s P
|
| 996 |
6 |
|
|b 2610696543
|c 2-1384.011
|l MZK
|r HSS 5p
|n 0
|p p.v.
|h 903 OLI
|w 001598365
|u 000020
|a 0
|e BOA001
|j MZK50
|s P
|
| 996 |
7 |
|
|b 2610709125
|c 2-1384.011
|l Vol.výběr
|r VV 1p
|n 18
|p kup
|h 903 OLI
|w 001598365
|u 000030
|a 0
|e BOA001
|j MZK50
|s A
|